000 00626nam a2200229 i 4500
001 C2-0133250
003 PPAK
005 20180727123328.0
008 971126s1996 io a|||| ||||| | may d
040 _aPPAK
_beng
_cPPAK
_erda
082 0 4 _a616
_223
090 0 0 _a616
_bINT
_dG
245 0 0 _aIntisari :
_bkumpulan artikel kesehatan
250 _aL.R. Supriyapto Yahya
264 1 _aJakarta, Indonesia :
_bPT Gramedia ,
_c1996
300 _a192 pages :
_billustrations ;
_c20 cm
336 _2rdacontent
_atext
337 _2rdamedia
_aunmediated
338 _2rdacarrier
_avolume
650 1 0 _aDiseases
942 _ddc
_cB
999 _c41912
_d41912